| 000 | 04326namaa22004211i 4500 | ||
|---|---|---|---|
| 003 | OSt | ||
| 005 | 20260506111654.0 | ||
| 008 | 250827s2025 ua a|||frm||| 000 0 eng d | ||
| 040 |
_aEG-GICUC _bara _cEG-GICUC _dEG-GICUC _erda |
||
| 041 | 0 |
_aara _bara _beng |
|
| 049 | _aإيداع | ||
| 082 | 0 | 4 | _a373.538 |
| 092 |
_a373.538 _221 |
||
| 097 | _aدكتوراه | ||
| 099 | _aCai01.23.02.Ph.D.2025.من.م | ||
| 100 | 0 |
_a،مناير محمد سعود عبد العزيز المهدي _eإعداد. |
|
| 245 | 1 | 0 |
_aالمشاركة المجتمعية في التعليم قبل الجامعي في دولة الكويت : _bرؤية مستقبلية / _cإعداد مناير محمد سعود عبد العزيز المهدي؛ إشراف د. دينا حسن عبد الشافي، د. دعاء عثمان عزمي. |
| 246 | 1 | 5 |
_aCommunity participation in the pre-university education in the state of kuwait : _bFuture vision / |
| 264 | 0 | _c2025. | |
| 300 |
_a148 صفحة : _bإيضاحيات ؛ _c25 سم. + _eCD. |
||
| 336 |
_atext _2rda content |
||
| 337 |
_aUnmediated _2rdamedia |
||
| 338 |
_avolume _2rdacarrier |
||
| 502 | _aأطروحة (دكتوراه)-جامعة القاهرة، 2025. | ||
| 504 | _aببليوجرافيا: صفحات 135-148. | ||
| 520 | _aهدفت البحث الحالي إلى تعرُّف واقع المشاركة المجتمعية في التعليم قبل الجامعي بالكويت، وأهم معوقات المشاركة المجتمعية، ووضع رؤية مستقبلية لتفعيل المشاركة المجتمعية في التعليم قبل الجامعي من خلال استبانة من إعداد الباحثة طبقتها على عينة تكونت من عدد (306) من مديري مدارس التعليم العام بدولة الكويت، وقد استخدمت الباحثة المنهج الوصفي؛ وذلك لمناسبة هذا المنهج لطبيعة البحث الحالي.وأشارت أهم نتائج البحث إلى ضعف ثقافة المشاركة المجتمعية في التعليم قبل الجامعي بالكويت، وعدم وضوح رسالة التعليم العام عند معظم القيادات المجتمعية، وانخفاض المردود من المشاركة مقارنةً بتكلفتها، وفي ضوء ما توصل إليه البحث تم وضع رؤية مستقبلية لتفعيل المشاركة المجتمعية في التعليم قبل الجامعي. | ||
| 520 | _aThe present study aimed to examine the reality of community participation in pre-university education in Kuwait, identify the key obstacles to such participation, and propose a future vision to enhance community engagement in pre-university education. To achieve this, the researcher designed a questionnaire and administered it to a sample of 306 public school principals in Kuwait. The study employed a descriptive methodology, as it was deemed appropriate for the nature of the research.The study’s key findings highlighted a weak culture of community participation in pre-university education in Kuwait, a lack of clarity regarding the mission of public education among most community leaders, and a low return on participation compared to its cost. Based on these findings, a future vision was proposed to activate community participation in pre-university education. | ||
| 530 | _aصدر أيضًا كقرص مدمج. | ||
| 546 | _aالنص بالعربية والملخص باللغة الإنجليزية والعربية. | ||
| 650 | 7 |
_aالمدارس الثانوية _zالكويت _2qrmak |
|
| 653 | 0 |
_aالمشاركة المجتمعية _aالتعليم قبل الجامعي _aرؤية مستقبلية |
|
| 700 | 0 |
_aدينا حسن عبد الشافي _eمشرف أطروحة. |
|
| 700 | 0 |
_aدعاء عثمان عزمي _eمشرف أطروحة. |
|
| 900 |
_b03-05-2025 _cدينا حسن عبد الشافي _cدعاء عثمان عزمي _dطلعت عبد الحميد فائق _dفاروق جعفر عبد الحكيم _Uجامعة القاهرة _Fكلية الدراسات العليا للتربية _Dقسم أصول التربية |
||
| 905 | _aSara | ||
| 942 |
_2ddc _cTH _e21 _n0 |
||
| 999 | _c180020 | ||